5HLuxD.jpg

KING HENRY VIII SENIOR AND PRIMARY SCHOOL LIBRARY OPAC

Animal Farm / (Record no. 5288)

000 -LEADER
fixed length control field 01180nam a22002177a 4500
003 - CONTROL NUMBER IDENTIFIER
control field OSt
005 - DATE AND TIME OF LATEST TRANSACTION
control field 20250902131850.0
008 - FIXED-LENGTH DATA ELEMENTS--GENERAL INFORMATION
fixed length control field 250902b ||||| |||| 00| 0 eng d
020 ## - INTERNATIONAL STANDARD BOOK NUMBER
International Standard Book Number 9780571355907
040 ## - CATALOGING SOURCE
Transcribing agency KH8
082 ## - DEWEY DECIMAL CLASSIFICATION NUMBER
Classification number FIC ORW
100 ## - MAIN ENTRY--PERSONAL NAME
Personal name Orwell, George,
Dates associated with a name 1903-1950,
Relator term author.
245 ## - TITLE STATEMENT
Title Animal Farm /
Statement of responsibility, etc. George Orwell and illustrated by Chris Mould.
260 ## - PUBLICATION, DISTRIBUTION, ETC.
Place of publication, distribution, etc. London ;
Name of publisher, distributor, etc. Faber & Faber Limited ,
Date of publication, distribution, etc. 2021.
300 ## - PHYSICAL DESCRIPTION
Extent 151 pages :
Other physical details illustrations ;
Dimensions 20 cm.
520 ## - SUMMARY, ETC.
Summary, etc. One of our hand-picked classics that no home should be without, Animal Farm is the classic story of revolution – now with fabulous illustrations by Chris Mould.<br/>All animals are equal, but some animals are more equal than others.<br/>When the animals overthrow the oppressive Mr. Jones, they think their problems are over, but in Orwell’s great indictment of the Russian Revolution, they find that power corrupts and they have merely swapped one form of tyranny for another. With an exciting new cover and inside illustrations by superstar Chris Mould.
650 ## - SUBJECT ADDED ENTRY--TOPICAL TERM
Topical term or geographic name entry element Farmer
Form subdivision fiction
650 ## - SUBJECT ADDED ENTRY--TOPICAL TERM
Topical term or geographic name entry element Children's classic
Form subdivision fiction
700 ## - ADDED ENTRY--PERSONAL NAME
Personal name Mould, Chris,
Relator term illustrator.
942 ## - ADDED ENTRY ELEMENTS (KOHA)
Source of classification or shelving scheme
Koha item type Books - Fiction
Holdings
Withdrawn status Lost status Source of classification or shelving scheme Damaged status Not for loan Collection code Permanent Location Current Location Shelving location Date acquired Full call number Barcode Date last seen Price effective from Koha item type
          Fiction KH8 Senior School Library KH8 Senior School Library Fiction 2025-09-02 FIC ORW 3KHSL000102351 2025-09-02 2025-09-02 Books - Fiction

Powered By KH8 IT Dept